Plant carbohydrates /

Guardado en:
Otros Autores: Loewus, Frank Abel, 1919-, Tanner, W. 1938-, Avigad, G.
Formato: Libro
Idioma:English
Publicado: Berlin ; New York : Springer-Verlag, c1982.
Series:Encyclopedia of plant physiology ; new ser., v. 13 A-B
Etiquetas: Agregar Etiqueta
Sin Etiquetas, Sea el primero en etiquetar este registro!
LEADER 00961cam a2200241 a 4500
001 EEA.libagro009076
005 20180614130435.0
008 811029s1982####gw#a#####b####001#0#eng##
020 |a 0387110607 (v. 1) 
020 |a 0387110070 (v. 2) 
082 0 0 |a 581.1 
082 0 0 |a 581.19248 
245 0 0 |a Plant carbohydrates /  |c edited by F.A. Loewus and W. Tanner ; contributors, G. Avigad ... [et al.]. 
260 |a Berlin ;  |a New York :  |b Springer-Verlag,  |c c1982. 
300 |a 2 v. :  |b il. ;  |c 25 cm. 
490 1 |a Encyclopedia of plant physiology ;  |v new ser., v. 13 A-B 
504 |a Incluye referencias bibliográficas e índices. 
505 0 |a 1. Intracellular carbohydrates -- 2. Extracellular carbohydrates. 
700 1 |a Loewus, Frank Abel,  |d 1919- 
700 1 |a Tanner, W.  |q (Widmar),  |d 1938- 
700 1 |a Avigad, G. 
859 |a AR-BbBCA  |b BIB. AGRONOMIA  |h 581.1  |i En56 13A-B  |p C1993/0320  |v 13A  |3 13A 
859 |a AR-BbBCA  |b BIB. AGRONOMIA  |h 581.1  |i En56  |p C1993/0321  |v 13B  |3 13B